<?xml version="1.0" encoding="UTF-8"?>
<record
    xmlns:xsi="http://www.w3.org/2001/XMLSchema-instance"
    xsi:schemaLocation="http://www.loc.gov/MARC21/slim http://www.loc.gov/standards/marcxml/schema/MARC21slim.xsd"
    xmlns="http://www.loc.gov/MARC21/slim">

  <leader>00798nam a2200193   4500</leader>
  <datafield tag="999" ind1=" " ind2=" ">
    <subfield code="c">181825</subfield>
    <subfield code="d">181825</subfield>
  </datafield>
  <controlfield tag="005">20230202151031.0</controlfield>
  <datafield tag="010" ind1=" " ind2=" ">
    <subfield code="a">B-746169-173                        E.N.A./7.11.22</subfield>
  </datafield>
  <datafield tag="020" ind1=" " ind2=" ">
    <subfield code="a">9788194802112</subfield>
    <subfield code="c">545.00</subfield>
  </datafield>
  <datafield tag="035" ind1=" " ind2=" ">
    <subfield code="a">B-746169-173</subfield>
  </datafield>
  <datafield tag="037" ind1=" " ind2=" ">
    <subfield code="b">Academic Aspirations</subfield>
  </datafield>
  <datafield tag="082" ind1=" " ind2=" ">
    <subfield code="a">327.1</subfield>
  </datafield>
  <datafield tag="100" ind1=" " ind2=" ">
    <subfield code="a">Kathuria,Ravi </subfield>
  </datafield>
  <datafield tag="245" ind1=" " ind2=" ">
    <subfield code="a">Perspectives on international relations and world history /</subfield>
    <subfield code="c">by Ravi Kathuria</subfield>
  </datafield>
  <datafield tag="260" ind1=" " ind2=" ">
    <subfield code="a">New Delhi</subfield>
    <subfield code="b">Academic Aspirations</subfield>
    <subfield code="c">2021</subfield>
  </datafield>
  <datafield tag="270" ind1=" " ind2=" ">
    <subfield code="a">4740/23,Ansari Road Daryaganj,</subfield>
    <subfield code="b">New Delhi</subfield>
    <subfield code="e">110002</subfield>
  </datafield>
  <datafield tag="300" ind1=" " ind2=" ">
    <subfield code="a">308p.</subfield>
    <subfield code="c">24cm(pbk)</subfield>
  </datafield>
  <datafield tag="942" ind1=" " ind2=" ">
    <subfield code="2">ddc</subfield>
    <subfield code="c">EN</subfield>
    <subfield code="m">KAT</subfield>
    <subfield code="h">327.1</subfield>
  </datafield>
  <datafield tag="952" ind1=" " ind2=" ">
    <subfield code="0">0</subfield>
    <subfield code="1">0</subfield>
    <subfield code="4">0</subfield>
    <subfield code="7">0</subfield>
    <subfield code="8">NFIC</subfield>
    <subfield code="a">L</subfield>
    <subfield code="b">L</subfield>
    <subfield code="d">2023-02-02</subfield>
    <subfield code="e">Academic Aspiration/IN-00162/19.11.22/144/28.11.22/30.11.22</subfield>
    <subfield code="g">545.00</subfield>
    <subfield code="l">9</subfield>
    <subfield code="m">4</subfield>
    <subfield code="o">327.1 KAT</subfield>
    <subfield code="p">B-746169</subfield>
    <subfield code="r">2025-12-06 00:00:00</subfield>
    <subfield code="s">2025-10-14</subfield>
    <subfield code="t">1</subfield>
    <subfield code="v">545.00</subfield>
    <subfield code="w">2023-02-02</subfield>
    <subfield code="y">EN</subfield>
  </datafield>
  <datafield tag="952" ind1=" " ind2=" ">
    <subfield code="0">0</subfield>
    <subfield code="1">0</subfield>
    <subfield code="4">0</subfield>
    <subfield code="7">0</subfield>
    <subfield code="8">NFIC</subfield>
    <subfield code="a">M</subfield>
    <subfield code="b">M</subfield>
    <subfield code="d">2023-02-02</subfield>
    <subfield code="e">Academic Aspiration/IN-00162/19.11.22/144/28.11.22/30.11.22</subfield>
    <subfield code="g">545.00</subfield>
    <subfield code="l">0</subfield>
    <subfield code="o">327.1 KAT</subfield>
    <subfield code="p">B-746170</subfield>
    <subfield code="r">2023-02-02 00:00:00</subfield>
    <subfield code="t">1</subfield>
    <subfield code="v">545.00</subfield>
    <subfield code="y">EN</subfield>
  </datafield>
  <datafield tag="952" ind1=" " ind2=" ">
    <subfield code="0">0</subfield>
    <subfield code="1">0</subfield>
    <subfield code="4">0</subfield>
    <subfield code="7">0</subfield>
    <subfield code="8">NFIC</subfield>
    <subfield code="a">AV</subfield>
    <subfield code="b">AV</subfield>
    <subfield code="d">2023-02-02</subfield>
    <subfield code="e">Academic Aspiration/IN-00162/19.11.22/144/28.11.22/30.11.22</subfield>
    <subfield code="g">545.00</subfield>
    <subfield code="l">0</subfield>
    <subfield code="o">327.1 KAT</subfield>
    <subfield code="p">B-746171</subfield>
    <subfield code="r">2023-02-02 00:00:00</subfield>
    <subfield code="t">1</subfield>
    <subfield code="v">545.00</subfield>
    <subfield code="y">EN</subfield>
  </datafield>
  <datafield tag="952" ind1=" " ind2=" ">
    <subfield code="0">0</subfield>
    <subfield code="1">0</subfield>
    <subfield code="4">0</subfield>
    <subfield code="7">0</subfield>
    <subfield code="8">NFIC</subfield>
    <subfield code="a">BL1</subfield>
    <subfield code="b">BL1</subfield>
    <subfield code="d">2023-02-02</subfield>
    <subfield code="e">Academic Aspiration/IN-00162/19.11.22/144/28.11.22/30.11.22</subfield>
    <subfield code="g">545.00</subfield>
    <subfield code="l">1</subfield>
    <subfield code="o">327.1 KAT</subfield>
    <subfield code="p">B-746172</subfield>
    <subfield code="r">2025-08-20 00:00:00</subfield>
    <subfield code="s">2025-08-08</subfield>
    <subfield code="t">1</subfield>
    <subfield code="v">545.00</subfield>
    <subfield code="y">EN</subfield>
  </datafield>
  <datafield tag="952" ind1=" " ind2=" ">
    <subfield code="0">0</subfield>
    <subfield code="1">0</subfield>
    <subfield code="4">0</subfield>
    <subfield code="7">0</subfield>
    <subfield code="8">NFIC</subfield>
    <subfield code="a">ZLS</subfield>
    <subfield code="b">ZLS</subfield>
    <subfield code="d">2023-02-02</subfield>
    <subfield code="e">Academic Aspiration/IN-00162/19.11.22/144/28.11.22/30.11.22</subfield>
    <subfield code="g">545.00</subfield>
    <subfield code="l">4</subfield>
    <subfield code="m">2</subfield>
    <subfield code="o">327.1 KAT</subfield>
    <subfield code="p">B-746173</subfield>
    <subfield code="r">2025-06-23 00:00:00</subfield>
    <subfield code="s">2025-05-20</subfield>
    <subfield code="t">1</subfield>
    <subfield code="v">545.00</subfield>
    <subfield code="y">EN</subfield>
  </datafield>
</record>
